000 00281nam a22001337a 4500
008 170608b xxu||||| |||| 00| 0 eng d
020 _a2900872893404
041 _aeng
080 _a32
100 _a18
101 _aSHH
245 _aPOLLING PUBLIC
_cASHER, H
942 _2udc
_cBK
999 _c16443
_d16443